| 000 | 00514nam a2200181 a 4500 | ||
|---|---|---|---|
| 001 | 3616 | ||
| 005 | 20180713183533.0 | ||
| 008 | 140415s1988 000 0 spa d | ||
| 041 | _aspa | ||
| 082 |
_a616.8914 _bROG |
||
| 100 | 1 | _aROGERS, CARL R. | |
| 245 | 1 | 0 |
_aPSICOTERAPIA CENTRADA EN EL CLIENTE : _bPRACTICA, IMPLICACIONES Y TEORIA |
| 260 |
_a[s.l.] : _bPAIDOS, _c1988 |
||
| 300 | _a459 | ||
| 490 |
_aSERIE MAYOR _v28 |
||
| 650 | 1 | 4 |
_aPSICOTERAPIA _xPSIQUIATRIA |
| 700 | 1 |
_aTUBERT, SILVIA _etr. |
|
| 999 |
_c3616 _d3616 |
||